000 01285cam a2200325 i 4500
001 2013
005 20231027154107.0
020 _a9781532143052
_q(hbk.)
020 _a1532143052
_q(hbk.)
040 _aYDX
_beng
_cYDX
_erda
_dBDX
_dIHX
_dOCLCF
_dIY5
_dDLC
050 0 0 _aPZ7.M478419
_bJvh 2020
082 0 4 _a[Fic]
_223
100 1 _aMcDonald, Megan,
_eauthor.
245 1 0 _aJudy Moody was in a mood /
_cMegan McDonald ; illustrated by Peter H. Reynolds.
250 _aReinforced library bound edition.
260 _aSomerville :
_bCandlewick,
_c2010
300 _a152 pages :
_billustrations ;
_c20 cm.
490 1 _aJudy Moody ;
_vBook 1
500 _aFirst published in 2000.
505 _aM
520 _aMeet Judy Moody, the queen of moods! Bad moods, good moods, even back-to-school moods - Judy Moody has them all. When her teacher assigns the class the task of creating me collages, it puts Judy in a cut-and-paste mood!
521 _a530
_bLexile
521 _aM
_bRaz-Plus
650 0 _aFirst day of school
_vJuvenile fiction.
650 0 _aEmotions
_vJuvenile fiction.
650 0 _aArt therapy
_vJuvenile fiction.
700 1 _aReynolds, Peter H.
_q(Peter Hamilton),
_d1961-
_eillustrator.
906 _a7
_bcbc
_ccopycat
_d2
_encip
_f20
_gy-gencatlg
942 _2ddc
_cBK
_n0
999 _c2013
_d2013